000
00314nam a2200133Ia 4500
005
20251222152624.0
008
251222s9999||||xx |||||||||||||| ||spa||
082
_a
869.56/C72
100
_a
Coaguila, Jorge
245
0
_a
En el Bosque Infinito
250
_a
1ra. ed.
264
_b
Jaime Campodónico
942
_c
LIB
999
_c
27479
_d
27479